000 00830nam a22002777a 4500
003 CHAP
005 20220329143347.0
008 081218s2004 uk a r 00010 eng d
010 _a95515
011 _a96487
020 _a1904761151
035 _a107141
040 _cCHAP
082 0 0 _a664.9029
_bSw27
_22004
100 1 _aSwatland, Howard J.
_9110875
245 1 0 _aMeat cuts and muscle foods
_c/by Howard J. Swatland
250 _a2 ed.
260 _aNottingham, UK :
_bNottingham University,
_c2004
300 _aviii, 258 p. :
_bilus.
590 _aBATCH-UPD
_b10
_c20130110
_lUCH01
_h2028
590 _aCONVERSION
_b10
_c20130109
_lUCH01
_h1353
650 0 4 _aCarne
_xCortes.
_919076
901 _aBK
942 _cLIBRO
949 _a664.9029 Sw27 2004
_bBC
_cLIBRO
_d33724002050561
_eLIBRO
_gI.c/e
_h110122
_i107141
_sb
_t$802.15
999 _c95515
_d95515